Movies: Coffee Time Quiz Stats

 Plays Quiz Updated Jul 4, 2018

Score 0/20 Timer 06:00
3 Plays Today
% Correct
The Lego Movie
95.8%
Pulp Fiction
94.8%
Men in Black
91.4%
Breakfast at Tiffany's
90.5%
Mean Girls
88.3%
The Big Lebowski
87.5%
Groundhog Day
79.9%
The Wolf of Wall Street
76.3%
Shrek 2
73.8%
(500) Days of Summer
52%
% Correct
Eternal Sunshine of the Spotless Mind
51.9%
American Hustle
51.7%
The Other Guys
47.9%
Usual Suspects
46.6%
My Big Fat Greek Wedding
45.5%
Taxi Driver
42.6%
Starsky & Hutch
42.2%
Modern Times
39.7%
Goodfellas
26.2%
Amélie
16%

You're not logged in!

Compare scores with friends on all Sporcle quizzes.
OR
Log In

Sporcle TV

Today on Sporcle TV


Watch our educational content, quiz creation guides, and fun videos on Sporcle TV.

Show Comments

Extras

Top Quizzes Today


Score Distribution

Your Account Isn't Verified!

In order to create a playlist on Sporcle, you need to verify the email address you used during registration. Go to your Sporcle Settings to finish the process.

Report this User

Report this user for behavior that violates our Community Guidelines.

Details: